|
|
|
|
| LEADER |
01018nam a2200337 4500 |
| 001 |
DLU130147528 |
| 005 |
##20130513 |
| 020 |
# |
# |
|a 9786047001569
|
| 040 |
# |
# |
|a DLU
|b vie
|
| 041 |
# |
# |
|a vie
|
| 044 |
# |
# |
|a vn
|
| 082 |
# |
# |
|a 398.209 597
|b The
|
| 245 |
# |
# |
|a Then Tày /
|c Hoàng Tuấn Cư, Hoàng Hạc, Nguyễn Thanh Huyền sưu tầm; Hội Văn nghệ Dân gian Việt Nam.
|
| 260 |
# |
# |
|a H. :
|b Văn hoá Dân tộc,
|c 2012.
|
| 300 |
# |
# |
|a 442 tr. ;
|c 21 cm.
|
| 504 |
# |
# |
|a Tài liệu tham khảo: tr.433.
|
| 650 |
# |
# |
|a Tày Nùng (Dân tộc Đông Nam Á)
|z Việt Nam
|x Văn hoá dân gian.
|
| 700 |
# |
# |
|a Hoàng Hạc,
|e sưu tầm.
|
| 700 |
# |
# |
|a Hoàng Tuấn Cư,
|e sưu tầm.
|
| 700 |
# |
# |
|a Nguyễn Thanh Huyền,
|e sưu tầm
|
| 710 |
# |
# |
|a Hội Văn nghệ Dân gian Việt Nam.
|
| 923 |
# |
# |
|a 09/2012
|
| 992 |
# |
# |
|a 17700
|
| 994 |
# |
# |
|a DLU
|
| 900 |
# |
# |
|a True
|
| 911 |
# |
# |
|a Đào Thị Thu Huyền
|
| 925 |
# |
# |
|a G
|
| 926 |
# |
# |
|a A
|
| 927 |
# |
# |
|a SH
|
| 980 |
# |
# |
|a Thư viện Trường Đại học Đà Lạt
|